00921nam a22002537a 450000500170000000800410001702000180005805000200007610000210009624501680011725000110028526000440029626000200034026000200036030000280038049000430040850400330045165000240048465000140050865000320052265000300055470000410058470000420062520180809113751.0180809b sp ||||| |||| 00| 0 spa d a978844703302704aHT388bP65 20091 aPolése, Mario.10aEconomía urbana y regionalb: introducción a la geografía económicac/ Mario Polése, Fernando Rubiera Morollón ; director José Luis García Delgado. a1a ed. aNavarra, España :bEditorial Aranzadi bThomson Reuters bCivitas,c2009. a307 p. :bil. ;c24 cm.0 aTme Tratados y manuales de economía. aBibliografía : p. 301-307. 4aEconomía regional 4aUrbanismo 72lembaEspacio en economía 4aLocalización industrial1 aRubiera Morollón, Fernando,eautor1 aCuadrado Roura, Juan R.,eintroductor